Stále nakupujeme v menších predajniach

Aké typy predajní, v ktorých nakupujeme, prevládajú. Spôsob nakupovania - na Slovensku a v Čechách. Zvyklosti zákazníkov východného bloku pri nakupovaní. Dva pohľady na nonstop predaj v hypermarketoch. Nonstop predaj ohrozuje existenciu večierok.

Guardado en:
Detalles Bibliográficos
Formato: Capítulo de libro
Lenguaje:eslovaco
Materias:
Etiquetas: Agregar Etiqueta
Sin Etiquetas, Sea el primero en etiquetar este registro!

MARC

LEADER 00000naa a2200000 4500
001 r041490
005 20231004093604.1
041 0 |a slo 
044 |a SK 
245 1 0 |a Stále nakupujeme v menších predajniach 
520 |a Aké typy predajní, v ktorých nakupujeme, prevládajú. Spôsob nakupovania - na Slovensku a v Čechách. Zvyklosti zákazníkov východného bloku pri nakupovaní. Dva pohľady na nonstop predaj v hypermarketoch. Nonstop predaj ohrozuje existenciu večierok. 
610 2 0 |a obchod 
610 2 0 |a siete obchodné 
610 2 0 |a nákup 
610 2 0 |a predajne 
610 2 0 |a predajcovia 
610 2 0 |a Slovensko 
610 2 0 |a Česko